000 00640nam a22001577a 4500
008 170309b xxu||||| |||| 00| 0 eng d
082 _22016
_aUT 0720
_bT11
100 _919280
_aTabuada, Jane Antonette.
245 _aEffectiveness of Using Visual Aids in teaching english Subject Among Grade 7 Students in Digos City National Hig School
_cJane Antonette tabuada, Charmaine Bana-ay and Julius Mangal.
300 _a40 pages;
_b29 cm.
650 0 _919281
_aEducation
_vEnglish
_xUndergraduate Thesis.
700 _919282
_aTabuada, Jane Antonette.
700 _919283
_aBana-ay, Charmaine.
700 _919284
_aMangal, Julius.
942 _2ddc
_cUT
999 _c6392
_d6392